| 000 | 01101nam a22003137a 4500 | ||
|---|---|---|---|
| 003 | CHAP | ||
| 005 | 20220329133837.0 | ||
| 008 | 120612s2010 ec a r 00010 spa d | ||
| 010 | _a11692 | ||
| 011 | _a12664 | ||
| 020 | _a9789978229552 | ||
| 035 | _a16063 | ||
| 040 | _cCHAP | ||
| 082 | 0 | 4 |
_a615.321 _bE84 |
| 245 | 0 | 0 |
_aEtnomedicina y etnobotánica : _bavances en la investigación _c/editor Plutarco Naranjo |
| 260 |
_aQuito, Ecuador : _bUniversidad Andina Simón Bolívar : _bAbya Yala, _c2010 |
||
| 300 | _a298 p. | ||
| 590 |
_aBATCH-UPD _b10 _c20130110 _lUCH01 _h1134 |
||
| 590 |
_aBATCH-UPD _b10 _c20130410 _lUCH01 _h0722 |
||
| 590 |
_aBATCH-UPD _b10 _c20130914 _lUCH01 _h0740 |
||
| 590 |
_aCONVERSION _b10 _c20130109 _lUCH01 _h1308 |
||
| 650 | 0 | 4 |
_aBotánica médica. _914680 |
| 650 | 0 | 4 |
_aMedicina tradicional. _973921 |
| 700 | 1 |
_aNaranjo, Plutarco _e, ed. _980212 |
|
| 901 | _aBK | ||
| 942 | _cLIBRO | ||
| 949 |
_a615.321 E84 _bBC _cLIBRO _d33724002339413 _eLIBRO _gI.c/e _h116901 _i16063 _sb _t$226.46 |
||
| 949 |
_a615.321 E84 _bBC _cLIBRO _d33724002339454 _eLIBRO _fc.2 _gI.c/e _h116902 _i16063 _sb _t$226.46 |
||
| 999 |
_c11692 _d11692 |
||